| 000 | 00569nam a2200181 a 4500 | ||
|---|---|---|---|
| 003 | PILC | ||
| 005 | 20150306113143.0 | ||
| 008 | 051103s ph 000 0 eng d | ||
| 020 | _a9711110202 | ||
| 050 | 0 | 0 |
_aQE26.2 _bR44 1999 |
| 100 | 1 | _aRealuyo, Zenaida Montecastro. | |
| 245 | 1 | 0 |
_aBasic concepts in earth science / _cby Zenaida Montecastro Realuyo and Isabelina de Pan-Ilarde. |
| 260 |
_a[Quezon City] : _bJMC Press, _c1999. |
||
| 300 |
_axvi, 307 p. : _bill. ; _c26 cm. |
||
| 650 | 0 | _aEarth sciences. | |
| 700 | 1 | _aIlarde, Isabelina del Pan. | |
| 942 |
_2lcc _cBK |
||
| 999 |
_c283737 _d283737 |
||